Placements du Portugal aux Championnats d'Europe - Statistiques

Statistiques générales
  • Ce quiz a été pris 23 fois
    9 depuis la dernière actualisation
  • Le résultat moyen est 7 sur 9
Statistiques - réponses
Hint Réponse % Correct
2004 Deuxième place
100%
2020 Huitièmes de finale
100%
2024 Quarts de finale
100%
2016 Vainqueur
89%
2000 Demi-finale
78%
1996 Quarts de finale
56%
2008 Quarts de finale
56%
1984 Demi-finale
44%
2012 Demi-finale
44%
Aucun quiz correspondant
Distribution des résultats
% des personnes avec chaque résultat
Percentile par nombre de réponses
Votre historique - résultats
Vous n’avez pas pris ce quiz depuis la dernière actualisation